Industry 4.0: Data and Its Analysis in Business and Finance/edited by Rakhi Gupta , Divya Chowdhry (Record no. 52580)

MARC details
000 -LEADER
fixed length control field 00610nam a22001697a 4500
003 - CONTROL NUMBER IDENTIFIER
control field OSt
008 - FIXED-LENGTH DATA ELEMENTS--GENERAL INFORMATION
fixed length control field 260702b |||||||| |||| 00| 0 eng d
020 ## - INTERNATIONAL STANDARD BOOK NUMBER
International Standard Book Number 9789358873306
082 ## - DEWEY DECIMAL CLASSIFICATION NUMBER
Classification number 658.5
Item number G97I
245 ## - TITLE STATEMENT
Title Industry 4.0: Data and Its Analysis in Business and Finance/edited by Rakhi Gupta , Divya Chowdhry
260 ## - PUBLICATION, DISTRIBUTION, ETC. (IMPRINT)
Place of publication, distribution, etc New Delhi :
Name of publisher, distributor, etc New India Publishing Agency,
Date of publication, distribution, etc 2025.
300 ## - PHYSICAL DESCRIPTION
Extent xi, 465 p.
650 ## - SUBJECT ADDED ENTRY--TOPICAL TERM
Topical term or geographic name as entry element Technology (Applied Sciences) | Management and Auxiliary Services | Production Management | Operation Management
700 ## - ADDED ENTRY--PERSONAL NAME
Personal name Gupta, Rakhi
700 ## - ADDED ENTRY--PERSONAL NAME
Personal name Chowdhry , Divya
942 ## - ADDED ENTRY ELEMENTS (KOHA)
Source of classification or shelving scheme
Koha item type Books
Holdings
Withdrawn status Lost status Source of classification or shelving scheme Damaged status Not for loan Home library Current library Shelving location Date acquired Source of acquisition Cost, normal purchase price Total Checkouts Full call number Barcode Date last seen Bill Date Koha item type Bill Number
          Dr. Rajendra Prasad Central Agricultural University Pusa, Dr. Rajendra Prasad Central Agricultural University Pusa, General Stacks 02/07/2026 Faith Enterprises 4995.00   658.5 G97I 88404 02/07/2026 22/01/2026 Books Invoice No. FE/11/2025-26
Hosted, Implemented, Customized & Maintained by: BestBookBuddies

Powered by Koha